Global development finance : Charting a global recovery
Global development finance: Volume II: Summary and country tables 2009 contains statisti-cal table on the external debt of the 128 countries that report public and publicly guaranteed exter-nal debt under the Debtor reporting system (DRS).
Guardat en:
| Autor corporatiu: | |
|---|---|
| Format: | Llibre |
| Idioma: | Undetermined |
| Publicat: |
Washington, DC
The World Bank
2009
|
| Matèries: | |
| Etiquetes: |
Afegir etiqueta
Sense etiquetes, Sigues el primer a etiquetar aquest registre!
|
| Thư viện lưu trữ: | Trung tâm Học liệu Trường Đại học Cần Thơ |
|---|
| LEADER | 00874nam a2200205Ia 4500 | ||
|---|---|---|---|
| 001 | CTU_152631 | ||
| 008 | 210402s9999 xx 000 0 und d | ||
| 082 | |a 336.3 | ||
| 082 | |b W927/Vol.2 | ||
| 110 | |a The World Bank | ||
| 245 | 0 | |a Global development finance : | |
| 245 | 0 | |b Charting a global recovery | |
| 245 | 4 | |c The World Bank | |
| 260 | |a Washington, DC | ||
| 260 | |b The World Bank | ||
| 260 | |c 2009 | ||
| 520 | |a Global development finance: Volume II: Summary and country tables 2009 contains statisti-cal table on the external debt of the 128 countries that report public and publicly guaranteed exter-nal debt under the Debtor reporting system (DRS). | ||
| 650 | |a Developing countries,Finance statictics,Các nước đang phát triển,Thống kê tài chính | ||
| 904 | |i Dương | ||
| 980 | |a Trung tâm Học liệu Trường Đại học Cần Thơ | ||